000 00592cam a22001934a 4500
005 20250605164351.0
008 250528s ||||||||||||||||||||||||d
035 _a24110
040 _aGR-AtMCL
_bgre
_dGR-AtMCL
_eAACR2
245 1 _aVines and Minds / Miles Thomas on the Psychology of Wine
260 _c2008
300 _a95
520 _aWorking Memory, Bedtime Reading, Intermediate Psychology Services, Maternal Anxiety in Pregnancy.
700 1 _aSutton Jon
_99351
942 _cCR
710 2 _aThe British Psychological Society
_99823
999 _c9009
_d9009